Deva-sudhā. (Record no. 73668)

MARC details
000 -LEADER
fixed length control field 00940cam a22002651 4500
001 - CONTROL NUMBER
control field sa 67003164
003 - CONTROL NUMBER IDENTIFIER
control field DLC
005 - DATE AND TIME OF LATEST TRANSACTION
control field 20260227112336.0
008 - FIXED-LENGTH DATA ELEMENTS--GENERAL INFORMATION
fixed length control field 890919s1963 ii 000 0 brao
010 ## - LIBRARY OF CONGRESS CONTROL NUMBER
LC control number sa 67003164
035 ## - SYSTEM CONTROL NUMBER
System control number (OCoLC)20366419
040 ## - CATALOGING SOURCE
Original cataloging agency DLC
Transcribing agency WaU
Modifying agency NRU
-- DLC
041 0# - LANGUAGE CODE
Language code of text/sound track or separate title brahin
042 ## - AUTHENTICATION CODE
Authentication code premarc
050 00 - LIBRARY OF CONGRESS CALL NUMBER
Classification number PK1967.9.D4
Item number A6 1963
100 0# - MAIN ENTRY--PERSONAL NAME
Personal name Deva,
Dates associated with a name 1673-1745?
245 10 - TITLE STATEMENT
Title Deva-sudhā.
Remainder of title Mahākavī Deva sē cāru cayana.
Statement of responsibility, etc. Saṇgrahakāra aura ṭīkākāra Mishrabandhu: Gaṇeśavihārī Mishra, Śyāmavihārī Mishra [tathā] Śukadevavihārī Mishra.
260 ## - PUBLICATION, DISTRIBUTION, ETC.
Place of publication, distribution, etc. Lakhanaū,
Name of publisher, distributor, etc. Gaṅgā Pustakamālā Kāryālaya
Date of publication, distribution, etc. [1963/64]
300 ## - PHYSICAL DESCRIPTION
Extent 20, 146 p.
Dimensions 19 cm.
500 ## - GENERAL NOTE
General note At head of title: Deva-sukavī-sudhā.
500 ## - GENERAL NOTE
General note In Braj; introd. and commentary in Hindi.
700 1# - ADDED ENTRY--PERSONAL NAME
Personal name Misra, Ganesh Bihari.
700 1# - ADDED ENTRY--PERSONAL NAME
Personal name Misra, Shyam Behari,
Dates associated with a name 1865-
700 1# - ADDED ENTRY--PERSONAL NAME
Personal name Misra, Sukhdeo Behari,
Dates associated with a name 1879-

No items available.

Powered by Koha